[Event "C.to Regionale Lombardia Seniores"]
[Site "Robecchetto con Induno ITA"]
[Date "2013.12.29"]
[Round "4"]
[White "Buzio, Alberto"]
[Black "Maffeo, Mauro"]
[WhiteElo "1854"]
[BlackElo "1713"]
[Result "1/2-1/2"]
[PlyCount "78"]
[EventDate "2013.12.27"]

1. e4 e6 2. d4 d5 3. Nc3 Nf6 4. Bg5 Be7 5. e5 Nfd7 6. Bxe7 Qxe7 7. f4 c5 8. Nf3
Nc6 9. Nb5 O-O 10. Nd6 c4 11. c3 f6 12. Be2 Nd8 13. O-O Nf7 14. Nxf7 Qxf7 15.
Qc2 Qg6 16. Qxg6 hxg6 17. Bd1 Kf7 18. Bc2 Rh8 19. g3 Nf8 20. Kg2 b5 21. a4 Bd7
22. axb5 Bxb5 23. Ra5 a6 24. Rfa1 Rb8 25. R1a2 Nd7 26. Ba4 Rb6 27. Bxb5 axb5
28. Ra7 Rd8 29. Rc7 b4 30. Raa7 Ke8 31. g4 bxc3 32. bxc3 Rb3 33. f5 gxf5 34.
gxf5 Ke7 35. Nh4 fxe5 36. Ng6+ Kf6 37. Rxd7 Rxd7 38. Rxd7 exd4 39. cxd4 Kxf5
1/2-1/2

[Event "C.to Regionale Lombardia Seniores"]
[Site "Robecchetto con Induno ITA"]
[Date "2013.12.29"]
[Round "4"]
[White "Ossoli, Giuseppe"]
[Black "Marchesotti, Giovanni"]
[WhiteElo "1601"]
[BlackElo "1526"]
[Result "0-1"]
[PlyCount "108"]
[EventDate "2013.12.27"]

1. e4 c5 2. d3 e6 3. Nc3 d6 4. g3 b6 5. Bg2 Bb7 6. f4 Nf6 7. Nf3 Nbd7 8. O-O
Be7 9. Re1 O-O 10. Bd2 Re8 11. h3 h6 12. a3 a6 13. Qe2 Qc7 14. Nh2 Rab8 15. Ng4
Nxg4 16. Qxg4 Nf6 17. Qe2 Nh7 18. Rf1 Rbd8 19. Rf2 d5 20. e5 Bc8 21. Raf1 f5
22. Kh2 d4 23. Nd1 Bb7 24. Bxb7 Qxb7 25. Rg2 Kh8 26. g4 Rf8 27. g5 hxg5 28. Qh5
Rg8 29. fxg5 g6 30. Qh4 Rg7 31. Bf4 Kg8 32. Qg3 Kf7 33. h4 Nf8 34. Nf2 Rh7 35.
Nh3 Nd7 36. Kg1 Rdh8 37. Rh2 Rxh4 38. Qf3 Qxf3 39. Rxf3 Nb8 40. Kg2 Nc6 41. Bg3
R4h7 42. Bf4 Bd8 43. Nf2 Rxh2+ 44. Bxh2 Bxg5 45. Nh3 Be3 46. Rf1 Ne7 47. Bf4
Bxf4 48. Nxf4 g5 49. Nh3 Kg6 50. Ng1 Nd5 51. Re1 Ne3+ 52. Kg3 f4+ 53. Kf3 g4+
54. Ke2 Rh2# 0-1

[Event "C.to Regionale Lombardia Seniores"]
[Site "Robecchetto con Induno ITA"]
[Date "2013.12.29"]
[Round "4"]
[White "Puricelli, Giancarlo"]
[Black "Madaschi, Sergio"]
[WhiteElo "1687"]
[BlackElo "1561"]
[Result "1-0"]
[PlyCount "113"]
[EventDate "2013.12.27"]

1. d4 d5 2. Nf3 Nf6 3. c4 c6 4. Nc3 Bf5 5. e3 e6 6. Be2 dxc4 7. Bxc4 b5 8. Be2
Be7 9. Nh4 Bg4 10. Bxg4 Nxg4 11. Qxg4 Bxh4 12. Qxg7 Bf6 13. Qg3 Ke7 14. Ne4 Rg8
15. Qf3 Bg7 16. O-O Nd7 17. Bd2 a5 18. Ng5 Nf6 19. Qxc6 Qd7 20. Qxd7+ Kxd7 21.
Nxf7 Ne4 22. Ne5+ Bxe5 23. dxe5 Rad8 24. Bxa5 Ra8 25. Rad1+ Ke8 26. Bb6 Kf7 27.
Rd4 Ra6 28. Rd7+ Kg6 29. Bd4 Rc6 30. f3 Nc5 31. Rd6 Rxd6 32. exd6 Nb7 33. Rc1
Rd8 34. Be5 Nxd6 35. Bxd6 Rxd6 36. Rc2 h6 37. e4 Kf6 38. Kf2 Rb6 39. Kg3 Rd6
40. Kf4 e5+ 41. Kg3 h5 42. h4 Rb6 43. Rc3 Rd6 44. Rb3 Rb6 45. a4 b4 46. a5 Rb8
47. a6 Rg8+ 48. Kh3 Ra8 49. Rxb4 Rxa6 50. Rb8 Ra2 51. b4 Ra7 52. b5 Re7 53. b6
Ke6 54. Rh8 Kf6 55. Rxh5 Kg6 56. b7 Rxb7 57. Rxe5 1-0

[Event "C.to Regionale Lombardia Seniores"]
[Site "Robecchetto con Induno ITA"]
[Date "2013.12.29"]
[Round "4"]
[White "Sala, Gianni"]
[Black "Rigotti, Gianluigi"]
[WhiteElo "1779"]
[BlackElo "1594"]
[Result "1-0"]
[PlyCount "81"]
[EventDate "2013.12.27"]

1. e4 e5 2. Nf3 d6 3. d4 exd4 4. Nxd4 Nf6 5. Nc3 Be7 6. Bc4 O-O 7. h3 a6 8. a4
c5 9. Nf3 Nc6 10. O-O Be6 11. Bd5 Rb8 12. Re1 Qc8 13. Ng5 Bxd5 14. Nxd5 Nxd5
15. exd5 Bxg5 16. Bxg5 Ne5 17. Be7 Qd7 18. Bxf8 Kxf8 19. f4 Ng6 20. Qd2 b5 21.
axb5 axb5 22. Kh2 Nh4 23. Qe2 Nf5 24. c3 g6 25. Ra6 Re8 26. Qxe8+ Qxe8 27.
Rxe8+ Kxe8 28. g4 Ne3 29. Rxd6 b4 30. cxb4 cxb4 31. Kg3 Nc4 32. Rc6 Nxb2 33.
Rb6 Nd3 34. Kf3 g5 35. fxg5 b3 36. Rxb3 Ne5+ 37. Ke4 Nd7 38. Kf5 Ke7 39. Rb7
Kd6 40. Rxd7+ Kxd7 41. Kf6 1-0

[Event "C.to Regionale Lombardia Seniores"]
[Site "Robecchetto con Induno ITA"]
[Date "2013.12.29"]
[Round "4"]
[White "Torretta, Gilberto"]
[Black "Ferri, Antonio"]
[WhiteElo "1630"]
[BlackElo "1651"]
[Result "1/2-1/2"]
[PlyCount "60"]
[EventDate "2013.12.27"]

1. e4 d6 2. d4 Nf6 3. Nc3 c6 4. Bd3 g6 5. f3 Bg7 6. Be3 O-O 7. Qd2 b5 8. g4
Nfd7 9. Bh6 e5 10. Bxg7 Kxg7 11. d5 Qh4+ 12. Ke2 b4 13. dxc6 Nxc6 14. Nd5 a5
15. Nc7 Rb8 16. Nb5 Nd4+ 17. Nxd4 exd4 18. Bc4 Qf6 19. f4 Re8 20. Bd5 Nb6 21.
g5 Qe7 22. Qxd4+ Kg8 23. Kf3 Nxd5 24. exd5 Bf5 25. Kg3 Qe3+ 26. Nf3 Qxd4 27.
Nxd4 Re3+ 28. Kf2 Re4 29. Ne2 Rbe8 30. Rhe1 Bg4 1/2-1/2

[Event "C.to Regionale Lombardia Seniores"]
[Site "Robecchetto con Induno ITA"]
[Date "2013.12.29"]
[Round "5"]
[White "Cillo, Angelo"]
[Black "Maffeo, Mauro"]
[WhiteElo "1755"]
[BlackElo "1713"]
[Result "1/2-1/2"]
[PlyCount "66"]
[EventDate "2013.12.27"]

1. d4 e6 2. e3 f5 3. c4 Nf6 4. Nc3 c6 5. g3 Be7 6. Bg2 d5 7. Nf3 O-O 8. cxd5
exd5 9. O-O Ne4 10. Nd2 Nd7 11. f3 Nd6 12. b3 Bg5 13. Re1 Nf6 14. e4 Qb6 15.
Nf1 Bxc1 16. Rxc1 fxe4 17. fxe4 dxe4 18. Nxe4 Ndxe4 19. Bxe4 Nxe4 20. Rxe4 Bf5
21. Re5 Rad8 22. Rcc5 Bh3 23. Ne3 g6 24. Qd3 Rf3 25. Qc4+ Kh8 26. Ng2 Bxg2 27.
Kxg2 Rdf8 28. Qe2 Rf2+ 29. Qxf2 Rxf2+ 30. Kxf2 Qb4 31. Rc4 Qd2+ 32. Re2 Qg5 33.
Re5 Qf6+ 1/2-1/2

[Event "C.to Regionale Lombardia Seniores"]
[Site "Robecchetto con Induno ITA"]
[Date "2013.12.29"]
[Round "5"]
[White "Ferri, Antonio"]
[Black "Puricelli, Giancarlo"]
[WhiteElo "1651"]
[BlackElo "1687"]
[Result "1/2-1/2"]
[PlyCount "73"]
[EventDate "2013.12.27"]

1. d4 g6 2. c4 Bg7 3. Nf3 Nf6 4. Nc3 O-O 5. e4 d6 6. Bg5 Nbd7 7. Be2 c5 8. O-O
a6 9. a4 cxd4 10. Nxd4 Nc5 11. f3 Qb6 12. Rb1 e5 13. Bxf6 Bxf6 14. Nd5 Qd8 15.
Nc2 Bg7 16. b3 Ne6 17. Kh1 Nd4 18. Nxd4 exd4 19. Bd3 Be6 20. Qc2 Bxd5 21. exd5
Qf6 22. f4 Rae8 23. Qf2 Re3 24. Rbd1 Qd8 25. Rfe1 Qb6 26. Bc2 Rfe8 27. Rxe3
dxe3 28. Qe2 Qd8 29. Rd3 Qf6 30. g3 Qa1+ 31. Bd1 Qb2 32. Rxe3 Rxe3 33. Qxe3 Bd4
34. Qf3 h5 35. Qg2 Qc1 36. Qe2 h4 37. Kg2 1/2-1/2

[Event "C.to Regionale Lombardia Seniores"]
[Site "Robecchetto con Induno ITA"]
[Date "2013.12.29"]
[Round "5"]
[White "Marchesotti, Giovanni"]
[Black "Madaschi, Sergio"]
[WhiteElo "1526"]
[BlackElo "1561"]
[Result "1/2-1/2"]
[PlyCount "73"]
[EventDate "2013.12.27"]

1. b3 d5 2. Bb2 e6 3. f4 Nf6 4. Nf3 Nbd7 5. e3 Be7 6. Be2 O-O 7. O-O c5 8. Ne5
Qc7 9. d3 b6 10. Nd2 Bb7 11. Bf3 Nxe5 12. Bxe5 Qd7 13. Bb2 Ne8 14. Qe2 Bf6 15.
Bxf6 Nxf6 16. c4 Rfe8 17. g4 Qc7 18. g5 Nd7 19. cxd5 exd5 20. Rae1 Nf8 21. Bg2
Rad8 22. Qg4 Ba6 23. Qe2 Re7 24. Rf3 Ne6 25. Qf1 Rde8 26. e4 Nd4 27. Rh3 Nf5
28. e5 d4 29. Be4 Bc8 30. Bxf5 Bxf5 31. Rg3 b5 32. Ne4 Bxe4 33. Rxe4 Qa5 34.
Rg2 Qb6 35. Rge2 Rc7 36. Qc1 Rec8 37. Qb2 1/2-1/2

[Event "C.to Regionale Lombardia Seniores"]
[Site "Robecchetto con Induno ITA"]
[Date "2013.12.29"]
[Round "5"]
[White "Ossoli, Giuseppe"]
[Black "Brioschi, Camillo"]
[WhiteElo "1601"]
[BlackElo "1793"]
[Result "0-1"]
[PlyCount "100"]
[EventDate "2013.12.27"]

1. e4 e5 2. Nf3 Nc6 3. Be2 Nf6 4. Nc3 Bb4 5. a3 Ba5 6. d3 h6 7. O-O O-O 8. h3
d5 9. b4 Bb6 10. Na4 dxe4 11. Nxb6 axb6 12. dxe4 Qxd1 13. Rxd1 Nxb4 14. Bb2
Nxc2 15. Rac1 Nd4 16. Nxd4 exd4 17. Rxd4 c5 18. Rd6 Nxe4 19. Rxb6 Be6 20. Bf3
Bd5 21. Bxe4 Bxe4 22. Rxc5 Bc6 23. Rc2 Rfd8 24. f3 Ra5 25. Kh2 Rad5 26. Rf2 Rd2
27. Kg3 R2d3 28. Rb4 R8d6 29. Kh2 Rd2 30. Rxd2 Rxd2 31. Kg3 f5 32. Bc1 Rc2 33.
Bf4 g5 34. Be5 f4+ 35. Bxf4 gxf4+ 36. Rxf4 Ra2 37. a4 Rxa4 38. Rf5 Kg7 39. Rc5
Rd4 40. Kh2 Kg6 41. Kg3 Rd6 42. h4 b5 43. h5+ Kf6 44. f4 b4 45. Rc4 b3 46. Rb4
Bd5 47. Kf2 Rd7 48. g3 Rb7 49. Rd4 b2 50. Rxd5 b1=Q 0-1

[Event "C.to Regionale Lombardia Seniores"]
[Site "Robecchetto con Induno ITA"]
[Date "2013.12.29"]
[Round "5"]
[White "Rigotti, Gianluigi"]
[Black "Torretta, Gilberto"]
[WhiteElo "1594"]
[BlackElo "1630"]
[Result "0-1"]
[PlyCount "98"]
[EventDate "2013.12.27"]

1. e4 e5 2. Nf3 Nc6 3. Bb5 a6 4. Ba4 Nf6 5. O-O Nxe4 6. d4 b5 7. Bb3 d5 8. dxe5
Be6 9. Bf4 Be7 10. c3 O-O 11. Nd4 Nxd4 12. cxd4 c5 13. Bc2 f5 14. exf6 Bxf6 15.
Be5 cxd4 16. Qxd4 Bxe5 17. Qxe5 Qf6 18. Qxf6 Nxf6 19. Nd2 d4 20. Bd3 Rfd8 21.
Rfe1 Kf7 22. h3 Nd5 23. Nf3 h6 24. Ne5+ Kf6 25. a3 Rac8 26. Bf1 Nb6 27. b4 Bb3
28. Ng4+ Kf7 29. Ne5+ Kg8 30. Nd3 Rc3 31. Nc5 Bc4 32. Re6 Bxe6 33. Nxe6 Rd6 34.
Nc5 Nc4 35. Ne4 Rc6 36. Nxc3 dxc3 37. a4 bxa4 38. Rxa4 Nd2 39. Bd3 c2 40. Bxc2
Rxc2 41. Rxa6 Rb2 42. Ra8+ Kh7 43. Rb8 Rb1+ 44. Kh2 Nf1+ 45. Kh1 h5 46. h4 Ng3+
47. Kh2 Nf5 48. g3 Nh6 49. b5 Ng4+ 0-1

[Event "C.to Regionale Lombardia Seniores"]
[Site "Robecchetto con Induno ITA"]
[Date "2013.12.29"]
[Round "5"]
[White "Sala, Gianni"]
[Black "Buzio, Alberto"]
[WhiteElo "1779"]
[BlackElo "1854"]
[Result "1/2-1/2"]
[PlyCount "35"]
[EventDate "2013.12.27"]

1. e4 c5 2. Nf3 a6 3. d4 cxd4 4. Nxd4 Nf6 5. Bd3 e5 6. Nb3 d5 7. exd5 e4 8. Be2
Qxd5 9. O-O Qxd1 10. Rxd1 Be7 11. Be3 O-O 12. f3 Nc6 13. fxe4 Nxe4 14. c3 Be6
15. N1d2 Nxd2 16. Rxd2 Rfd8 17. Rxd8+ Rxd8 18. Rd1 1/2-1/2

[Event "C.to Regionale Lombardia Seniores"]
[Site "Robecchetto con Induno ITA"]
[Date "2013.12.30"]
[Round "6"]
[White "Buzio, Alberto"]
[Black "Cillo, Angelo"]
[WhiteElo "1854"]
[BlackElo "1755"]
[Result "1/2-1/2"]
[PlyCount "96"]
[EventDate "2013.12.27"]

1. e4 e5 2. Nf3 Nc6 3. d4 exd4 4. Bc4 Nf6 5. O-O Nxe4 6. Re1 d5 7. Bxd5 Qxd5 8.
Nc3 Qa5 9. Nxe4 Be6 10. Neg5 O-O-O 11. Nxe6 fxe6 12. Rxe6 Qf5 13. Re1 Bb4 14.
Rf1 h6 15. Qd3 Qxd3 16. cxd3 Rhe8 17. Bf4 g5 18. Bg3 Re2 19. a3 Bd6 20. b4 g4
21. b5 Bxg3 22. bxc6 Bxf2+ 23. Rxf2 gxf3 24. cxb7+ Kxb7 25. Rxf3 Rg8 26. g3
Rge8 27. Rb1+ Kc8 28. Rf4 c5 29. Rb5 Rc2 30. Rf2 Re1+ 31. Kg2 Rxf2+ 32. Kxf2
Rc1 33. Kf3 Kc7 34. Rb3 Rc2 35. h3 Rh2 36. Kg4 Rc2 37. Kf3 a6 38. g4 Rh2 39.
Kg3 Re2 40. Kf4 Re3 41. h4 c4 42. Rb4 Rxd3 43. Rxc4+ Kb6 44. g5 hxg5+ 45. hxg5
Kb5 46. g6 Rd1 47. Rb4+ Kc5 48. Ra4 Kb6 1/2-1/2

[Event "C.to Regionale Lombardia Seniores"]
[Site "Robecchetto con Induno ITA"]
[Date "2013.12.30"]
[Round "6"]
[White "Madaschi, Sergio"]
[Black "Ossoli, Giuseppe"]
[WhiteElo "1561"]
[BlackElo "1601"]
[Result "1/2-1/2"]
[PlyCount "78"]
[EventDate "2013.12.27"]

1. e4 e6 2. d4 d5 3. Nd2 Nf6 4. e5 Nfd7 5. Bd3 c5 6. c3 Nc6 7. Ne2 Qb6 8. Nf3
cxd4 9. cxd4 Be7 10. O-O f6 11. Nf4 fxe5 12. Nxe6 Bf6 13. dxe5 Ndxe5 14. Neg5
g6 15. Nxe5 Nxe5 16. Re1 O-O 17. Rb1 Bxg5 18. Bxg5 Ng4 19. Be3 Qd6 20. g3 Nxe3
21. Rxe3 Bf5 22. Bxf5 Rxf5 23. Rd3 Raf8 24. f3 Rd8 25. Qd2 d4 26. Re1 Rd5 27.
Re4 Kg7 28. Qe2 Qd7 29. Qd1 a6 30. Kg2 b5 31. Re2 a5 32. Red2 b4 33. f4 Qc6 34.
Kf2 Qf6 35. Rf3 Qb6 36. Rfd3 Qd6 37. Kf3 Qc6 38. Kf2 Qb6 39. Kf3 Qb7 1/2-1/2

[Event "C.to Regionale Lombardia Seniores"]
[Site "Robecchetto con Induno ITA"]
[Date "2013.12.30"]
[Round "6"]
[White "Maffeo, Mauro"]
[Black "Brioschi, Camillo"]
[WhiteElo "1713"]
[BlackElo "1793"]
[Result "1-0"]
[PlyCount "59"]
[EventDate "2013.12.27"]

1. d4 Nf6 2. e3 g6 3. f4 b6 4. Nf3 Bb7 5. Bd3 Bg7 6. O-O O-O 7. Nbd2 c5 8. c3
d5 9. Ne5 Nbd7 10. Ndf3 Ne4 11. Nxd7 Qxd7 12. Bxe4 dxe4 13. Ne5 Qc7 14. Kh1
Rad8 15. Bd2 Ba6 16. Rg1 f6 17. Ng4 e5 18. Rc1 Rfe8 19. fxe5 fxe5 20. Qe1 Qd7
21. Qg3 exd4 22. cxd4 Qd6 23. Qh4 cxd4 24. exd4 Bxd4 25. Bf4 Qf8 26. Nh6+ Kh8
27. Rc7 Bf6 28. Bg5 Re6 29. Rf7 Qd6 30. Nf5 1-0

[Event "C.to Regionale Lombardia Seniores"]
[Site "Robecchetto con Induno ITA"]
[Date "2013.12.30"]
[Round "6"]
[White "Puricelli, Giancarlo"]
[Black "Rigotti, Gianluigi"]
[WhiteElo "1687"]
[BlackElo "1594"]
[Result "1-0"]
[PlyCount "105"]
[EventDate "2013.12.27"]

1. d4 Nf6 2. c4 d5 3. e3 c6 4. Nc3 e6 5. Nf3 b6 6. cxd5 cxd5 7. Bd3 Bd7 8. O-O
Nc6 9. a3 Bd6 10. Re1 O-O 11. e4 dxe4 12. Nxe4 Nxe4 13. Bxe4 f5 14. Bc2 Qc7 15.
Bb3 Nd8 16. Ne5 Bxe5 17. Rxe5 Kh8 18. Bg5 Nf7 19. Rc1 Qd6 20. Bf4 Nxe5 21. Bxe5
Qe7 22. Qd2 Rac8 23. Re1 Qg5 24. f4 Qg6 25. d5 exd5 26. Bxd5 Bc6 27. Bxc6 Qxc6
28. Kh1 Kg8 29. Qc3 Qe4 30. Qg3 Qb7 31. h4 Rc4 32. Bd6 Re4 33. Rxe4 fxe4 34.
Bxf8 Kxf8 35. Qe3 Qd5 36. Kg1 h5 37. Kf2 Kf7 38. Qc3 Kg6 39. Ke3 Qe6 40. Qb4
Kf5 41. Qb5+ Kf6 42. Qg5+ Kf7 43. Qxh5+ Kg8 44. Qe5 Qg4 45. Qe8+ Kh7 46. Qxe4+
Kg8 47. f5 Qg3+ 48. Ke2 Qb3 49. Qe6+ Qxe6+ 50. fxe6 Kf8 51. Ke3 Ke7 52. Ke4
Kxe6 53. g4 1-0

[Event "C.to Regionale Lombardia Seniores"]
[Site "Robecchetto con Induno ITA"]
[Date "2013.12.30"]
[Round "6"]
[White "Torretta, Gilberto"]
[Black "Sala, Gianni"]
[WhiteElo "1630"]
[BlackElo "1779"]
[Result "1-0"]
[PlyCount "87"]
[EventDate "2013.12.27"]

1. e4 e5 2. Nf3 Nc6 3. Bb5 a6 4. Ba4 Nf6 5. O-O b5 6. Bb3 Be7 7. Re1 O-O 8. c3
d5 9. exd5 Nxd5 10. Nxe5 Nxe5 11. Rxe5 c6 12. d4 Bd6 13. Re1 Qh4 14. g3 Qh3 15.
Bxd5 cxd5 16. Be3 Bg4 17. Qd3 Rae8 18. Nd2 f5 19. Qf1 Qh5 20. f4 Re6 21. Qg2
Kh8 22. Qxd5 Rh6 23. Qg2 Qf7 24. Nf3 b4 25. Ne5 Bxe5 26. dxe5 bxc3 27. bxc3 Bh3
28. Qf2 Qc4 29. Bd4 Re6 30. Rab1 a5 31. Rb3 h6 32. Qe2 Qc8 33. Reb1 Qa8 34. Rb7
Qc8 35. Qb5 Qa8 36. Qd7 Rg6 37. e6 Rg8 38. e7 h5 39. Bb6 Rd6 40. Qc7 Rd2 41.
Bd4 Qa6 42. Bxg7+ Kh7 43. e8=Q Rg2+ 44. Kh1 1-0

[Event "XXIV Weekend A"]
[Site "Robecchetto con Induno ITA"]
[Date "2013.12.27"]
[Round "1"]
[White "Bianchi, Alberto"]
[Black "Griffini, Andrea"]
[WhiteElo "1954"]
[BlackElo "1797"]
[Result "1/2-1/2"]
[PlyCount "118"]
[EventDate "2013.12.27"]

1. e4 Nf6 2. Nc3 d5 3. exd5 Nxd5 4. Qf3 Nxc3 5. Bc4 e6 6. dxc3 Nc6 7. Bf4 Bd6
8. O-O-O Qe7 9. Bxd6 cxd6 10. Qg3 O-O 11. Rxd6 e5 12. Rd1 Be6 13. Bxe6 Qxe6 14.
Kb1 Rac8 15. Ne2 Qc4 16. Qd3 Qa4 17. Nc1 b5 18. Rhe1 Qa5 19. Nb3 Qb6 20. Qe3
Qb7 21. Rd3 b4 22. f3 a5 23. Nc5 Qb5 24. b3 bxc3 25. Rxc3 Nd4 26. Qxe5 Rfe8 27.
Qxd4 Rxe1+ 28. Kb2 Rce8 29. Nd3 R1e2 30. Nf4 Re1 31. Nd3 R1e2 32. a4 Qg5 33.
Nf4 Re1 34. g3 Qe7 35. Nd5 Qe2 36. Qd3 Qxh2 37. Rc5 Qg1 38. Rxa5 Rb1+ 39. Ka3
Rb8 40. Rb5 Ra1+ 41. Kb4 Rxb5+ 42. Qxb5 Qe1+ 43. c3 h6 44. a5 Qxg3 45. Qe8+ Kh7
46. Qxf7 Qd6+ 47. Kb5 Qb8+ 48. Nb6 Qe5+ 49. Nd5 Qb8+ 50. Nb6 Qe5+ 51. Qd5 Qxc3
52. b4 Qc7 53. Qe4+ Kg8 54. Qe8+ Kh7 55. Qe4+ Kg8 56. a6 Rd1 57. Qb7 Qe5+ 58.
Kc4 Rd4+ 59. Kb3 Rd3+ 1/2-1/2

[Event "XXIV Weekend A"]
[Site "Robecchetto con Induno ITA"]
[Date "2013.12.27"]
[Round "1"]
[White "Biancotti, Alessandro"]
[Black "Cervini, Gian Piero"]
[WhiteElo "1872"]
[BlackElo "1795"]
[Result "1-0"]
[PlyCount "139"]
[EventDate "2013.12.27"]

1. e4 g6 2. d4 Bg7 3. Nc3 d6 4. Nf3 Nf6 5. Be2 O-O 6. Bg5 b6 7. Qd2 c5 8. Bh6
Bb7 9. Bxg7 Kxg7 10. d5 e6 11. O-O-O exd5 12. exd5 a6 13. h4 b5 14. h5 b4 15.
hxg6 fxg6 16. Qh6+ Kg8 17. Ne4 Qe7 18. Nxf6+ Rxf6 19. Bc4 Nd7 20. Rde1 Qg7 21.
Qxg7+ Kxg7 22. Re7+ Rf7 23. Rxf7+ Kxf7 24. Rxh7+ Ke8 25. b3 Bc8 26. Rg7 Nf8 27.
Nh4 Bf5 28. Nxf5 gxf5 29. Bd3 a5 30. Bxf5 a4 31. Bd3 a3 32. Kd2 Rb8 33. g4 Nd7
34. Bg6+ Kd8 35. Bf5 Nb6 36. c4 bxc3+ 37. Kxc3 Nxd5+ 38. Kc4 Nb4 39. Rd7+ Ke8
40. Rxd6 Nxa2 41. Bb1 Nc1 42. Rd1 a2 43. Bg6+ Ke7 44. Rxc1 Rb4+ 45. Kc3 Rxg4
46. Bd3 Rf4 47. Kb2 Rxf2+ 48. Rc2 Rf3 49. Bc4 Kd6 50. Kxa2 Rf8 51. Rd2+ Kc6 52.
Kb2 Rh8 53. Rg2 Rh6 54. Kc3 Rh3+ 55. Bd3 Re3 56. Kc4 Re5 57. Rg6+ Kc7 58. Kb5
Rd5 59. Bc4 Rh5 60. Rc6+ Kb7 61. Rxc5 Rh6 62. Bd5+ Ka7 63. b4 Rb6+ 64. Kc4 Rh6
65. Rc6 Rh4+ 66. Kc5 Rh2 67. b5 Rc2+ 68. Kd6 Rb2 69. Ra6+ Kb8 70. Ra8# 1-0

[Event "XXIV Weekend A"]
[Site "Robecchetto con Induno ITA"]
[Date "2013.12.27"]
[Round "1"]
[White "Cecchini, Massimo S."]
[Black "Caldi, Mario"]
[WhiteElo "1786"]
[BlackElo "1865"]
[Result "0-1"]
[PlyCount "78"]
[EventDate "2013.12.27"]

1. d4 Nf6 2. Nf3 d5 3. c4 e6 4. Nc3 c6 5. cxd5 exd5 6. Bg5 Be7 7. e3 Bg4 8. Be2
Nbd7 9. a3 O-O 10. h3 Bh5 11. Qb3 Qb6 12. Qa2 Rfe8 13. O-O h6 14. Bf4 Bg6 15.
b4 Ne4 16. Nxe4 Bxe4 17. Rfc1 a6 18. Nd2 Bg6 19. Nb3 Nf6 20. Nc5 Bxc5 21. bxc5
Qa5 22. Qb3 Ne4 23. Qxb7 Qd2 24. Re1 Nc3 25. Bxa6 Rxa6 26. Qxa6 Bd3 27. Qxc6
Re6 28. Qc8+ Kh7 29. Qc7 Rf6 30. Qe7 Be4 31. Qd7 Rg6 32. g4 Ne2+ 33. Kf1 Nxf4
34. exf4 Qxf4 35. Rxe4 Qxe4 36. Qf5 Qh1+ 37. Ke2 Qxa1 38. Qxd5 Re6+ 39. Kf3
Qh1+ 0-1

[Event "XXIV Weekend A"]
[Site "Robecchetto con Induno ITA"]
[Date "2013.12.27"]
[Round "1"]
[White "Cerutti, Fabio Maria"]
[Black "Caldarola, Stefano"]
[WhiteElo "1772"]
[BlackElo "1861"]
[Result "0-1"]
[PlyCount "78"]
[EventDate "2013.12.27"]

1. e4 d5 2. exd5 Qxd5 3. Nc3 Qd6 4. d4 Nf6 5. h3 Bf5 6. g3 c6 7. Bg2 e6 8. Bf4
Qd8 9. Nf3 Be7 10. O-O O-O 11. Re1 Nbd7 12. Qe2 Nd5 13. Nxd5 cxd5 14. c3 Rc8
15. Bf1 a6 16. Qe3 Nb6 17. Ne5 g5 18. h4 gxf4 19. Qxf4 Bd6 20. Qh6 Bxe5 21.
dxe5 f6 22. Re3 Nc4 23. Rf3 Nxe5 24. Rf4 Qe7 25. Rb4 Rc7 26. Be2 Qg7 27. Qf4
Nd3 28. Bxd3 Bxd3 29. Rd1 Rc4 30. Qd6 Rxb4 31. Qxe6+ Qf7 32. Qxf7+ Rxf7 33.
cxb4 Be4 34. Kf1 Rc7 35. Ke2 Re7 36. Kd2 Kf7 37. Rc1 Ke6 38. Rc8 Ke5 39. Rc1
Kd4 0-1

[Event "XXIV Weekend A"]
[Site "Robecchetto con Induno ITA"]
[Date "2013.12.27"]
[Round "1"]
[White "Coqueraut, Lodewyk"]
[Black "Zuliani, Francesco"]
[WhiteElo "1724"]
[BlackElo "1834"]
[Result "0-1"]
[PlyCount "64"]
[EventDate "2013.12.27"]

1. Nf3 Nf6 2. d4 g6 3. c4 Bg7 4. Nc3 O-O 5. e4 d6 6. Be2 e5 7. dxe5 dxe5 8. O-O
Qe7 9. Qc2 c6 10. h3 a5 11. Be3 Na6 12. a3 Nh5 13. Nd2 Nf4 14. Bf3 Be6 15. Ne2
Nxe2+ 16. Bxe2 f5 17. exf5 gxf5 18. f3 f4 19. Bf2 Nc5 20. Kh2 Nd7 21. c5 Bf6
22. Rg1 Kh8 23. Ne4 Bh4 24. g3 fxg3+ 25. Bxg3 Rg8 26. Qc3 Bxg3+ 27. Rxg3 Rxg3
28. Nxg3 Qh4 29. Bf1 Rg8 30. Qe1 Qf4 31. Rd1 Bd5 32. Bg2 Nf6 0-1

[Event "XXIV Weekend A"]
[Site "Robecchetto con Induno ITA"]
[Date "2013.12.27"]
[Round "1"]
[White "D'Ambrosio, Luca"]
[Black "Oteri, Aldo"]
[WhiteElo "1862"]
[BlackElo "1776"]
[Result "0-1"]
[PlyCount "92"]
[EventDate "2013.12.27"]

1. d4 Nf6 2. Nf3 b6 3. Bg5 e6 4. e3 Be7 5. Bd3 Bb7 6. O-O O-O 7. c4 Ne4 8. Bxe7
Qxe7 9. Nfd2 f5 10. f4 c5 11. Qc2 d5 12. Nc3 Nc6 13. Nf3 cxd4 14. exd4 Nb4 15.
Qe2 Nxd3 16. Qxd3 Ba6 17. b3 Qb4 18. Nb5 Bxb5 19. cxb5 Rac8 20. Rfc1 Rc3 21.
Rxc3 Qxc3 22. Qxc3 Nxc3 23. Re1 Nxb5 24. Rxe6 Nc3 25. a3 Rc8 26. Re1 Ne4 27.
Kf1 Rc3 28. Ne5 Rxb3 29. Rc1 Rc3 30. Rxc3 Nxc3 31. Nc6 a5 32. Ke1 Nb5 33. Ne7+
Kf7 34. Nxd5 Nxd4 35. Nxb6 Nc2+ 36. Kd2 Nxa3 37. Kc3 Ke6 38. Kb3 Nb5 39. Ka4
Nc3+ 40. Kxa5 Nd5 41. g3 Nxb6 42. Kxb6 Kd5 43. Kc7 h5 44. Kd7 h4 45. Ke7 Ke4
46. Ke6 h3 0-1

[Event "XXIV Weekend A"]
[Site "Robecchetto con Induno ITA"]
[Date "2013.12.27"]
[Round "1"]
[White "Foglieni, Matteo"]
[Black "Guerini, Sara"]
[WhiteElo "1853"]
[BlackElo "1754"]
[Result "0-1"]
[PlyCount "36"]
[EventDate "2013.12.27"]

1. Nf3 d5 2. g3 Nf6 3. Bg2 e6 4. O-O Be7 5. d3 Nbd7 6. Nbd2 c6 7. e4 e5 8. Qe2
Qc7 9. d4 exd4 10. Nxd4 Ne5 11. exd5 Nxd5 12. Nb5 cxb5 13. Bxd5 O-O 14. Re1 Bf6
15. Ne4 Bg4 16. Nxf6+ gxf6 17. Qxb5 Bf3 18. Rxe5 Qxe5 0-1

[Event "XXIV Weekend A"]
[Site "Robecchetto con Induno ITA"]
[Date "2013.12.27"]
[Round "1"]
[White "Giovarruscio, Gabriele"]
[Black "Mantovani, Enrico"]
[WhiteElo "1683"]
[BlackElo "1828"]
[Result "0-1"]
[PlyCount "120"]
[EventDate "2013.12.27"]

1. d4 Nf6 2. c4 e6 3. Nf3 c5 4. d5 exd5 5. cxd5 d6 6. Nc3 g6 7. g3 Bg7 8. Bg2
O-O 9. O-O a6 10. a4 b6 11. h3 Re8 12. Re1 Ne4 13. Nxe4 Rxe4 14. Ra2 Nd7 15.
Bf4 Nf6 16. Nd2 Rb4 17. b3 Nh5 18. Be3 Bb7 19. Nc4 Bc3 20. Bd2 Bxd2 21. Rxd2 b5
22. axb5 axb5 23. Ne3 Qf6 24. Qc2 Rd4 25. Ng4 Qg7 26. e4 Rxd2 27. Qxd2 b4 28.
Kh2 Ra3 29. Rb1 Qc3 30. Qb2 Ba6 31. Ne3 Bd3 32. Nd1 Qxb2 33. Rxb2 Ra1 34. Ne3
Rb1 35. Rxb1 Bxb1 36. Nc4 Bc2 37. Nd2 f6 38. Bf1 Kf7 39. Be2 Ng7 40. f3 f5 41.
Kg2 Kf6 42. Kf2 g5 43. Bc4 f4 44. Nf1 Ke5 45. Nh2 Kd4 46. gxf4 gxf4 47. Ke2 Kc3
48. e5 dxe5 49. d6 Bf5 50. Ng4 Ne8 51. Nxe5 Nxd6 52. Bg8 Nb5 53. Ng4 Nd4+ 54.
Kf2 Nxb3 55. Ne5 Nd4 56. h4 b3 57. Nc4 Be6 58. Bxe6 Nxe6 59. Nd6 b2 60. Ne4+
Kc2 0-1

[Event "XXIV Weekend A"]
[Site "Robecchetto con Induno ITA"]
[Date "2013.12.27"]
[Round "1"]
[White "Guerini, Silvia Jr"]
[Black "Conta, Diego"]
[WhiteElo "1823"]
[BlackElo "1652"]
[Result "1-0"]
[PlyCount "77"]
[EventDate "2013.12.27"]

1. e4 c5 2. Nc3 Nc6 3. f4 d6 4. Nf3 e6 5. Bc4 Be7 6. O-O a6 7. a4 Qc7 8. d3 Nf6
9. Qe1 Bd7 10. Kh1 O-O 11. h3 Nb4 12. Qf2 d5 13. Ba2 d4 14. Nd1 Bxa4 15. Bb1
Bb5 16. Rg1 Rad8 17. Ne5 Bd6 18. c3 dxc3 19. bxc3 Bxe5 20. fxe5 Qxe5 21. d4
cxd4 22. cxb4 Nxe4 23. Bxe4 Qxe4 24. Re1 Qd5 25. Qg3 Qf5 26. Bb2 Qg6 27. Qf2 d3
28. Re3 d2 29. Rg3 Qh6 30. Rxg7+ Qxg7 31. Bxg7 Kxg7 32. Ra3 f5 33. Rg3+ Kf7 34.
Qf3 Ba4 35. Qh5+ Ke7 36. Qxh7+ Rf7 37. Qh4+ Ke8 38. Rg8+ Rf8 39. Rxf8+ 1-0

[Event "XXIV Weekend A"]
[Site "Robecchetto con Induno ITA"]
[Date "2013.12.27"]
[Round "1"]
[White "Isoardi, Luigi"]
[Black "Turini, Gianluca"]
[WhiteElo "1747"]
[BlackElo "1850"]
[Result "1-0"]
[PlyCount "55"]
[EventDate "2013.12.27"]

1. d4 d5 2. Nf3 Nf6 3. c4 dxc4 4. e3 c5 5. Bxc4 e6 6. O-O a6 7. dxc5 Qc7 8. b4
b6 9. Bb2 Be7 10. Nbd2 bxc5 11. bxc5 Qxc5 12. Rc1 Qh5 13. Bd5 Qxd5 14. Rxc8+
Bd8 15. Bxf6 gxf6 16. Ne4 Kd7 17. Qc2 f5 18. Rxd8+ Kxd8 19. Rd1 fxe4 20. Rxd5+
exd5 21. Ne5 Ra7 22. Qc5 Rc7 23. Qxd5+ Kc8 24. h3 Rf8 25. Qxe4 Re7 26. Qf5+ Kb7
27. Nc4 f6 28. Qc5 1-0